LEADER 01082naa a2200253 i 4500
001 acta67406
005 20211123134339.0
008 200513s2016 hu o 0|| hun d
020 |a 978-963-306-491-7 
022 |a 2064-4825 
040 |a SZTE Egyetemi Kiadványok Repozitórium  |b hun 
041 |a hun 
100 1 |a Glässer Norbert 
245 1 3 |a Az első világháborúról másként  |h [elektronikus dokumentum] /  |c  Glässer Norbert 
260 |c 2016 
300 |a 17-20 
490 0 |a A vallási kultúrakutatás könyvei 
490 0 |a "A királyhűség jól bevált útján...": rendi és nemzeti kötődések szimbolikus változásai 1867 és 1918 között 
650 4 |a Bölcsészettudományok 
650 4 |a Történettudomány és régészet 
695 |a Világháború - 1. 
700 0 1 |a Zima András  |e aut 
710 |a „A királyhűség jól bevált útján...” Rendi és nemzeti kötődések szimbolikus változásai 1867 és 1918 között (2014) (Szeged) 
856 4 0 |u http://acta.bibl.u-szeged.hu/67406/1/vallasi_kulturakutatas_konyvei_025_017-020.pdf  |z Dokumentum-elérés